| 000 | 00351nam a22001457a 4500 | ||
|---|---|---|---|
| 008 | 250926b |||||||| |||| 00| 0 eng d | ||
| 020 | _a978-81-265-7713-2 | ||
| 100 | _aS. N. Sivanandam | ||
| 245 | _aPrinciples of Soft Computing 3rd Ed. | ||
| 250 | _a3rd | ||
| 260 |
_aNew Delhi _bWiley _c2024 |
||
| 300 | _a760 | ||
| 650 | _aCSE | ||
| 942 |
_2ddc _cBK |
||
| 999 |
_c21532 _d21532 |
||